000 00306nam a2200121Ia 4500
005 20251222144745.0
008 251222s9999||||xx |||||||||||||| ||spa||
082 _a255.5/I75/T.2
100 _aIruarrizága, Luis
245 0 _aObras Completas del R. P. Luis IruarrĂ­zaga
264 _bCoculsa
942 _cLIB
999 _c19136
_d19136